<?xml version="1.0" encoding="UTF-8"?>
<record
    xmlns:xsi="http://www.w3.org/2001/XMLSchema-instance"
    xsi:schemaLocation="http://www.loc.gov/MARC21/slim http://www.loc.gov/standards/marcxml/schema/MARC21slim.xsd"
    xmlns="http://www.loc.gov/MARC21/slim">

  <leader>01054nam a2200265 a 4500</leader>
  <controlfield tag="001">BRL_1365</controlfield>
  <controlfield tag="005">20190320211152.0</controlfield>
  <controlfield tag="008">090114s1971----gw-ao#####---#000-0#ger-#</controlfield>
  <datafield tag="041" ind1=" " ind2=" ">
    <subfield code="a">ger</subfield>
  </datafield>
  <datafield tag="044" ind1=" " ind2=" ">
    <subfield code="a">gw</subfield>
  </datafield>
  <datafield tag="050" ind1=" " ind2="4">
    <subfield code="a">NK856</subfield>
    <subfield code="b">.S73 1971</subfield>
  </datafield>
  <datafield tag="110" ind1="2" ind2=" ">
    <subfield code="a">St&#xE4;dtisches Museum f&#xFC;r V&#xF6;lkerkunde, Frankfurt am Main</subfield>
    <subfield code="9">25700</subfield>
  </datafield>
  <datafield tag="245" ind1="1" ind2="0">
    <subfield code="a">Volkskunst aus Guatemala</subfield>
    <subfield code="b">ausstellung des St&#xE4;dt. Museums f&#xFC;r V&#xF6;lkerkunde und des Frobenius-Instituts, Frankfurt am Main : 3. bis 28. september 1971, Farbwerke Hoechst AG, Jahrhunderthalle, Frankfurt am Main-H&#xF6;chst</subfield>
    <subfield code="c">Text: Karin Hahn-Hissink ; fotos: Gisela Simrock und Albert Hahn.</subfield>
  </datafield>
  <datafield tag="260" ind1=" " ind2=" ">
    <subfield code="a">Frankfurt</subfield>
    <subfield code="b">Museums f&#xFC;r V&#xF6;lkerkunde</subfield>
    <subfield code="c">1971</subfield>
  </datafield>
  <datafield tag="300" ind1=" " ind2=" ">
    <subfield code="a">137</subfield>
    <subfield code="b">il., mapas</subfield>
    <subfield code="c">22 cm.</subfield>
  </datafield>
  <datafield tag="500" ind1=" " ind2=" ">
    <subfield code="a">Au1574</subfield>
  </datafield>
  <datafield tag="504" ind1=" " ind2=" ">
    <subfield code="a">Bibliograf&#xED;a: p. 136-137</subfield>
  </datafield>
  <datafield tag="650" ind1="1" ind2="4">
    <subfield code="a">Arte popular</subfield>
    <subfield code="z">Guatemala</subfield>
    <subfield code="9">3708</subfield>
  </datafield>
  <datafield tag="650" ind1="1" ind2="4">
    <subfield code="a">Indumentar&#xED;a</subfield>
    <subfield code="v">Exposiciones</subfield>
    <subfield code="z">Guatemala</subfield>
    <subfield code="9">26658</subfield>
  </datafield>
  <datafield tag="700" ind1="1" ind2=" ">
    <subfield code="a">Hahn-Hissink, Karin</subfield>
    <subfield code="9">26659</subfield>
  </datafield>
  <datafield tag="700" ind1="1" ind2=" ">
    <subfield code="a">Simrock, Gisela</subfield>
    <subfield code="e">il.</subfield>
    <subfield code="9">26660</subfield>
  </datafield>
  <datafield tag="700" ind1="1" ind2=" ">
    <subfield code="a">Hahn, Albert</subfield>
    <subfield code="e">il.</subfield>
    <subfield code="9">15899</subfield>
  </datafield>
  <datafield tag="902" ind1=" " ind2=" ">
    <subfield code="a">GRL</subfield>
  </datafield>
  <datafield tag="942" ind1=" " ind2=" ">
    <subfield code="2">lcc</subfield>
    <subfield code="c">B</subfield>
  </datafield>
  <datafield tag="999" ind1=" " ind2=" ">
    <subfield code="c">10177</subfield>
    <subfield code="d">10177</subfield>
  </datafield>
  <datafield tag="952" ind1=" " ind2=" ">
    <subfield code="0">0</subfield>
    <subfield code="1">0</subfield>
    <subfield code="4">0</subfield>
    <subfield code="7">0</subfield>
    <subfield code="a">BRL</subfield>
    <subfield code="b">BRL</subfield>
    <subfield code="d">2014-01-09</subfield>
    <subfield code="i">Au1574</subfield>
    <subfield code="l">0</subfield>
    <subfield code="o">NK856 .S73 1971 (Au1574)</subfield>
    <subfield code="p">GRL01523</subfield>
    <subfield code="r">2019-03-22 00:00:00</subfield>
    <subfield code="w">2019-03-22</subfield>
    <subfield code="y">B</subfield>
  </datafield>
</record>
